[Event "25th North American Open"]
[Site "Las Vegas"]
[Date "2015.12.28"]
[Round "5"]
[White "Nakar, Eylon"]
[Black "Viswanadha, Kesav"]
[Result "1-0"]
[WhiteElo "2476"]
[BlackElo "2366"]
[PlyCount "91"]
[EventDate "2015.12.??"]
[EventType "swiss"]
[EventRounds "9"]
[EventCountry "USA"]
[Source "MonRoi"]

1. e4 e5 2. Nf3 Nc6 3. Bb5 a6 4. Ba4 Nf6 5. O-O Be7 6. d3 b5 7. Bb3 d6 8. c3
O-O 9. Re1 Na5 10. Bc2 c5 11. Nbd2 Re8 12. Nf1 Bf8 13. Bg5 h6 14. Bh4 Nc6 15.
Ne3 Be7 16. d4 exd4 17. cxd4 Ng4 18. Bxe7 Nxe7 19. h3 Nxe3 20. Rxe3 Ng6 21. Qd2
cxd4 22. Nxd4 Qg5 23. Rd1 Be6 24. Rg3 Qxd2 25. Rxd2 Kf8 26. Nxe6+ Rxe6 27. Rc3
Ra7 28. g3 Ke7 29. Kg2 Re5 30. b4 Nf8 31. f4 Re6 32. Kf3 Nd7 33. Bb3 Rf6 34.
Ke3 g5 35. f5 h5 36. Rdc2 Ne5 37. Rc7+ Rxc7 38. Rxc7+ Kd8 39. Ra7 d5 40. Bxd5
Rd6 41. Ra8+ Ke7 42. Rh8 h4 43. gxh4 gxh4 44. Rxh4 Rd7 45. Rh6 Ra7 46. Kd4 1-0

[Event "25th North American Open"]
[Site "Las Vegas"]
[Date "2015.12.28"]
[Round "5"]
[White "Kavutskiy, Konstantin"]
[Black "Yang, Darwin"]
[Result "0-1"]
[WhiteElo "2360"]
[BlackElo "2473"]
[PlyCount "54"]
[EventDate "2015.12.??"]
[EventType "swiss"]
[EventRounds "9"]
[EventCountry "USA"]
[Source "MonRoi"]

1. d4 Nf6 2. c4 e6 3. Nc3 Bb4 4. Qc2 O-O 5. Nf3 d6 6. Bd2 b6 7. e3 Bb7 8. Bd3
c5 9. dxc5 bxc5 10. a3 Ba5 11. O-O-O Nbd7 12. Ne4 d5 13. Nxf6+ Nxf6 14. Bxa5
Qxa5 15. Ne5 Rfd8 16. g4 Qc7 17. g5 Qxe5 18. gxf6 g6 19. Rhg1 Qxf6 20. Rd2 dxc4
21. Qxc4 Rd6 22. Rgd1 Rad8 23. f4 Bf3 24. Rf1 Bd5 25. Qc2 c4 26. Bxc4 Bxc4 27.
Rxd6 Bxf1 0-1

[Event "25th North American Open"]
[Site "Las Vegas"]
[Date "2015.12.28"]
[Round "5"]
[White "Tsegmed, Batchuluun"]
[Black "Velikanov, Alexander"]
[Result "1/2-1/2"]
[WhiteElo "2457"]
[BlackElo "2324"]
[PlyCount "75"]
[EventDate "2015.12.??"]
[EventType "swiss"]
[EventRounds "9"]
[EventCountry "USA"]
[Source "MonRoi"]

1. d4 Nf6 2. c4 g6 3. Nc3 d5 4. cxd5 Nxd5 5. e4 Nxc3 6. bxc3 Bg7 7. Bc4 c5 8.
Ne2 Nc6 9. Be3 O-O 10. O-O Bg4 11. f3 Bd7 12. Qd2 Qa5 13. Qb2 b5 14. Qxb5 cxd4
15. cxd4 Qxb5 16. Bxb5 Nxd4 17. Nxd4 Bxd4 18. Bxd4 Bxb5 19. Rfb1 Rfb8 20. a4
Bc6 21. Rxb8+ Rxb8 22. Bxa7 Ra8 23. Bc5 Rxa4 24. Rd1 Kf8 25. Rd8+ Be8 26. Rc8
Ra6 27. Rc7 Re6 28. g4 g5 29. Kf2 f6 30. Kg3 h5 31. h4 gxh4+ 32. Kxh4 hxg4 33.
Kxg4 Bg6 34. Kf4 Kf7 35. Ra7 Bh7 36. Rc7 Bg6 37. Ra7 Bh7 38. Rc7 1/2-1/2

[Event "25th North American Open"]
[Site "Las Vegas"]
[Date "2015.12.28"]
[Round "5"]
[White "Shmelov, Denys"]
[Black "Colas, Joshua"]
[Result "0-1"]
[WhiteElo "2420"]
[BlackElo "2245"]
[PlyCount "96"]
[EventDate "2015.12.??"]
[EventType "swiss"]
[EventRounds "9"]
[EventCountry "USA"]
[Source "MonRoi"]

1. d4 Nf6 2. c4 e6 3. Nc3 Bb4 4. Qc2 O-O 5. e4 d5 6. e5 Ne4 7. Bd3 c5 8. Nf3
cxd4 9. Nxd4 f5 10. exf6 Nxf6 11. cxd5 exd5 12. O-O Nc6 13. Nce2 Bd7 14. Nxc6
bxc6 15. Bf4 Qe7 16. Bg3 Rae8 17. a3 Bc5 18. Rac1 Bb6 19. Nc3 g6 20. Na4 Nh5
21. Nc5 Bf5 22. b4 Bxc5 23. Bxf5 Nxg3 24. hxg3 Bb6 25. Bg4 Qg5 26. Qd1 Rf6 27.
Rc2 Ref8 28. a4 h5 29. a5 Be3 30. Re2 Qxg4 31. Rxe3 Rxf2 32. Rfe1 Qxb4 33. Qd3
R2f6 34. a6 Qb5 35. Qxb5 cxb5 36. Rb3 Rxa6 37. Rxb5 Rd6 38. Rb7 Rf7 39. Re8+
Kg7 40. Ree7 Rxe7 41. Rxe7+ Kf6 42. Rxa7 d4 43. Kf2 d3 44. Ke1 d2+ 45. Kd1 Kg5
46. Ra3 Kg4 47. Rf3 g5 48. Re3 Rf6 0-1

[Event "25th North American Open"]
[Site "Las Vegas"]
[Date "2015.12.28"]
[Round "5"]
[White "Vibbert, Sean"]
[Black "Checa, Nicolas"]
[Result "1/2-1/2"]
[WhiteElo "2313"]
[BlackElo "2419"]
[PlyCount "156"]
[EventDate "2015.12.??"]
[EventType "swiss"]
[EventRounds "9"]
[EventCountry "USA"]
[Source "MonRoi"]

1. e4 e6 2. Nc3 d5 3. d4 Bb4 4. exd5 exd5 5. Bd3 Nf6 6. Nge2 O-O 7. O-O Re8 8.
a3 Bd6 9. Nb5 Be7 10. Bf4 Na6 11. Nbc3 c6 12. Bxa6 bxa6 13. Ng3 Be6 14. Na4 Qa5
15. b3 Nd7 16. Bd2 Qb5 17. f4 f5 18. Qe1 Bh4 19. Bb4 Bf7 20. Qc3 Bxg3 21. Qxg3
Nf6 22. Nc3 Qb6 23. Bc5 Qc7 24. Qd3 a5 25. g3 Ne4 26. Rae1 Qb7 27. Nxe4 dxe4
28. Qe3 a4 29. bxa4 Qa6 30. Bd6 Qxa4 31. Qc3 Qc4 32. Qxc4 Bxc4 33. Rf2 Rad8 34.
Be5 Rd5 35. g4 fxg4 36. Rg2 h5 37. h3 Ra5 38. hxg4 h4 39. Re3 Rb5 40. Rh2 Rb1+
41. Kg2 Bf1+ 42. Kf2 Bb5 43. Rxh4 Rf1+ 44. Kg2 Rc1 45. Rc3 c5 46. d5 e3 47.
Rxe3 Rxc2+ 48. Kg3 Rd2 49. Rb3 a6 50. a4 c4 51. Rc3 Bxa4 52. Rxc4 Bd7 53. Rd4
Re2 54. Kf3 Re1 55. Rh5 Kf7 56. Rc4 Rd1 57. d6 Rf1+ 58. Kg2 Rd1 59. Rh7 Rg8 60.
Rc7 Ke6 61. Bxg7 Rxd6 62. Rh6+ Kd5 63. Rxd6+ Kxd6 64. Be5+ Ke7 65. g5 Rc8 66.
Ra7 Ke6 67. Rxa6+ Kf5 68. Kf2 Rc2+ 69. Ke3 Bc6 70. Kd4 Rc1 71. Ra7 Be8 72. Re7
Bh5 73. Ke3 Re1+ 74. Kd2 Rd1+ 75. Kc3 Rc1+ 76. Kb2 Rc6 77. Rb7 Bg6 78. Rb5 Kg4
1/2-1/2

[Event "25th North American Open"]
[Site "Las Vegas"]
[Date "2015.12.28"]
[Round "5"]
[White "Akobian, Varuzhan"]
[Black "Aldama, Dionisio"]
[Result "0-1"]
[WhiteElo "2618"]
[BlackElo "2388"]
[PlyCount "69"]
[EventDate "2015.12.??"]
[EventType "swiss"]
[EventRounds "9"]
[EventCountry "USA"]
[Source "MonRoi"]

1. d4 c5 2. d5 e6 3. c4 exd5 4. cxd5 d6 5. Nc3 Nf6 6. Nf3 g6 7. Bf4 Bg7 8. Qa4+
Bd7 9. Qb3 Qc7 10. e4 O-O 11. Nd2 Re8 12. Be2 a6 13. a4 Bc8 14. O-O Nbd7 15. h3
Rb8 16. Nc4 Bf8 17. Bd3 b6 18. Rfd1 Nh5 19. Bh2 Ne5 20. Bxe5 dxe5 21. Bf1 Bd6
22. Nxd6 Qxd6 23. Rab1 Re7 24. Qc4 Rc7 25. Re1 Nf6 26. b3 Ne8 27. Nd1 Qe7 28.
Qc3 Nd6 29. Nb2 f6 30. Nd3 Bd7 31. Rbc1 Rbc8 32. Nb2 b5 33. axb5 axb5 34. Ra1
c4 35. Ra6 0-1

[Event "25th North American Open"]
[Site "Las Vegas"]
[Date "2015.12.28"]
[Round "5"]
[White "Song, Guannan"]
[Black "Wang, Chen"]
[Result "0-1"]
[WhiteElo "2229"]
[BlackElo "2530"]
[PlyCount "72"]
[EventDate "2015.12.??"]
[EventType "swiss"]
[EventRounds "9"]
[EventCountry "USA"]
[Source "MonRoi"]

1. e4 c5 2. Nf3 e6 3. d4 cxd4 4. Nxd4 Nc6 5. Nc3 Qc7 6. Be3 a6 7. Qd2 Nf6 8. f3
Ne5 9. O-O-O b5 10. g4 d6 11. g5 Nfd7 12. f4 Nc4 13. Bxc4 Qxc4 14. b3 Qc7 15.
Rhe1 Bb7 16. f5 Rc8 17. fxe6 fxe6 18. Kb2 Nc5 19. b4 Nxe4 20. Nxe4 Bxe4 21. Bf4
Qb7 22. c3 e5 23. Ne6 Be7 24. Qf2 Rg8 25. Bg3 Qc6 26. Re3 Qc4 27. Ka1 Bd5 28.
Nc5 dxc5 29. Bxe5 Rf8 30. Qd2 Be6 31. Bxg7 Rd8 32. Bxf8 Rxd2 33. Rxd2 Kxf8 34.
Rde2 Bxg5 35. Rxe6 Qxc3+ 36. Rb2 Bc1 0-1

[Event "25th North American Open"]
[Site "Las Vegas"]
[Date "2015.12.28"]
[Round "5"]
[White "Sevillano, Enrico"]
[Black "Ludwig, John"]
[Result "0-1"]
[WhiteElo "2470"]
[BlackElo "2287"]
[PlyCount "110"]
[EventDate "2015.12.??"]
[EventType "swiss"]
[EventRounds "9"]
[EventCountry "USA"]
[Source "MonRoi"]

1. e4 e5 2. Nf3 Nc6 3. Bb5 a6 4. Ba4 Nf6 5. O-O Be7 6. Re1 b5 7. Bb3 d6 8. c3
O-O 9. h3 Na5 10. Bc2 c5 11. d4 Nd7 12. dxe5 dxe5 13. Nbd2 Bb7 14. Nf1 Nc4 15.
Ne3 Nxe3 16. Bxe3 Qc7 17. Qe2 c4 18. Rad1 Nc5 19. Bxc5 Bxc5 20. Nd2 Rad8 21.
Nf1 Qb6 22. a4 bxa4 23. Bxa4 Bxe4 24. Qxe4 Bxf2+ 25. Kh1 Bxe1 26. Rxe1 Qxb2 27.
Qxc4 Rc8 28. Qxa6 Rxc3 29. Qd6 Rc1 30. Rxc1 Qxc1 31. Kg1 Qf4 32. Bc6 g6 33. g3
Qg5 34. h4 Qd8 35. Qc5 Qd4+ 36. Qxd4 exd4 37. Kf2 Rc8 38. Ba4 Kg7 39. Nd2 f5
40. Nf3 Kf6 41. Bb3 Rc3 42. Bd1 h6 43. Be2 d3 44. Bd1 Rc2+ 45. Ke3 Rg2 46. Kf4
d2 47. Bb3 Re2 48. g4 Re4+ 49. Kg3 Rxg4+ 50. Kf2 Rb4 51. Bd1 Re4 52. Bc2 Rb4
53. Ke2 g5 54. hxg5+ hxg5 55. Nxd2 g4 0-1

[Event "25th North American Open"]
[Site "Las Vegas"]
[Date "2015.12.28"]
[Round "5"]
[White "Kiewra, Keaton"]
[Black "Manukyan, Lernik"]
[Result "1-0"]
[WhiteElo "2444"]
[BlackElo "2272"]
[PlyCount "55"]
[EventDate "2015.12.??"]
[EventType "swiss"]
[EventRounds "9"]
[EventCountry "USA"]
[Source "MonRoi"]

1. e4 c5 2. Nf3 a6 3. c3 e6 4. d4 cxd4 5. cxd4 d5 6. e5 Nc6 7. Bd3 Bd7 8. Nc3
Qb6 9. Ne2 g6 10. h4 h5 11. O-O Nh6 12. Bg5 Ng4 13. a3 Bg7 14. b4 O-O 15. Rc1
Rac8 16. Qd2 Rfe8 17. Qf4 Na7 18. Rxc8 Rxc8 19. Be7 Nb5 20. Ng5 Be8 21. a4 Qc7
22. Rc1 Qxe7 23. Rxc8 Na7 24. Ra8 b5 25. Qc1 Qd7 26. Qc5 Nc6 27. axb5 Nd8 28.
Qd6 1-0

[Event "25th North American Open"]
[Site "Las Vegas"]
[Date "2015.12.28"]
[Round "5"]
[White "Matikozyan, Andranik"]
[Black "Atoufi, Pedram"]
[Result "1-0"]
[WhiteElo "2427"]
[BlackElo "2261"]
[PlyCount "61"]
[EventDate "2015.12.??"]
[EventType "swiss"]
[EventRounds "9"]
[EventCountry "USA"]
[Source "MonRoi"]

1. e4 e5 2. Nf3 Nc6 3. Bb5 a6 4. Ba4 Nf6 5. Qe2 Bd6 6. c3 O-O 7. d3 Re8 8. Bg5
h6 9. Bh4 b5 10. Bb3 Na5 11. Bc2 c5 12. Nbd2 Be7 13. Nxe5 Nxe4 14. Qxe4 Bxh4
15. d4 d6 16. Qxa8 dxe5 17. O-O exd4 18. cxd4 Qxd4 19. Nf3 Qxb2 20. Rae1 Rf8
21. Qe4 g6 22. Nxh4 Bb7 23. Qe2 Qxa2 24. f4 Qd5 25. Rd1 Qc6 26. f5 g5 27. f6
Qe8 28. Qd3 Qe4 29. Qxe4 Bxe4 30. Bxe4 gxh4 31. Rf4 1-0

[Event "25th North American Open"]
[Site "Las Vegas"]
[Date "2015.12.28"]
[Round "5"]
[White "Haessel, Dale"]
[Black "Zhai, Mo"]
[Result "0-1"]
[WhiteElo "2262"]
[BlackElo "2391"]
[PlyCount "82"]
[EventDate "2015.12.??"]
[EventType "swiss"]
[EventRounds "9"]
[EventCountry "USA"]
[Source "MonRoi"]

1. d4 Nf6 2. c4 e6 3. Nf3 b6 4. a3 Bb7 5. Nc3 d5 6. Bg5 Be7 7. Qa4+ Qd7 8.
Qxd7+ Nbxd7 9. Nb5 Kd8 10. cxd5 Nxd5 11. e4 N5f6 12. Bf4 Ne8 13. Bd3 a6 14. Nc3
Bd6 15. e5 Be7 16. Ne4 h6 17. h4 Bd5 18. O-O Kc8 19. Rac1 Kb7 20. h5 c5 21. Nc3
Bc6 22. Be4 Bxe4 23. Nxe4 Nc7 24. Rfd1 Nd5 25. Bg3 Rhc8 26. Nc3 Nxc3 27. Rxc3
cxd4 28. Rxc8 Rxc8 29. Rxd4 Nc5 30. Rf4 f5 31. exf6 Bxf6 32. b4 Nd3 33. Re4 Rc3
34. a4 Rb3 35. Bd6 Kc6 36. Nd4+ Bxd4 37. Rxd4 e5 38. Rg4 Kxd6 39. Rxg7 Rb1+ 40.
Kh2 Nxf2 41. Rg6+ Kd5 0-1

[Event "25th North American Open"]
[Site "Las Vegas"]
[Date "2015.12.28"]
[Round "5"]
[White "Landaw, Julian"]
[Black "Schill, William"]
[Result "0-1"]
[WhiteElo "2340"]
[BlackElo "2157"]
[PlyCount "88"]
[EventDate "2015.12.??"]
[EventType "swiss"]
[EventRounds "9"]
[EventCountry "USA"]
[Source "MonRoi"]

1. e4 c5 2. Nc3 Nc6 3. g3 g6 4. Bg2 Bg7 5. d3 d6 6. f4 e5 7. Nh3 Nge7 8. O-O
Nd4 9. Be3 O-O 10. Qd2 Bg4 11. Ng5 f6 12. Nf3 Qd7 13. Nd5 Nxd5 14. exd5 Nf5 15.
fxe5 Nxe3 16. Qxe3 dxe5 17. Nd2 b6 18. a4 Bh3 19. Bxh3 Qxh3 20. a5 Bh6 21. Qe2
Bxd2 22. Qxd2 b5 23. a6 Qd7 24. Qg2 Rab8 25. Ra5 Rb6 26. g4 Qd6 27. Rfa1 Rfb8
28. Qe4 Kg7 29. Rf1 Rd8 30. c4 bxc4 31. dxc4 Rxb2 32. Qe3 e4 33. Qf4 Qxf4 34.
Rxf4 Re8 35. Rxc5 e3 36. Rf1 Re4 37. h3 Rd4 38. Rc7+ Kh6 39. Re1 Rdd2 40. Re7
Rg2+ 41. Kh1 Rh2+ 42. Kg1 Rbg2+ 43. Kf1 Rf2+ 44. Kg1 e2 0-1

[Event "25th North American Open"]
[Site "Las Vegas"]
[Date "2015.12.28"]
[Round "5"]
[White "Yanayt, Eugene"]
[Black "Song, Michael"]
[Result "0-1"]
[WhiteElo "2213"]
[BlackElo "2340"]
[PlyCount "50"]
[EventDate "2015.12.??"]
[EventType "swiss"]
[EventRounds "9"]
[EventCountry "USA"]
[Source "MonRoi"]

1. d4 Nf6 2. c4 c5 3. d5 e6 4. Nc3 exd5 5. cxd5 d6 6. Nf3 g6 7. Nd2 a6 8. a4
Bg7 9. e4 O-O 10. Be2 Nbd7 11. O-O Re8 12. Qc2 Rb8 13. Re1 Ne5 14. Nf1 c4 15.
a5 b5 16. axb6 Qxb6 17. Ne3 Nfg4 18. Ncd1 Nxe3 19. Nxe3 Qb4 20. Kf1 Nd3 21. Bd2
Nxe1 22. Bxb4 Nxc2 23. Nxc2 Rxe4 24. f3 Rxe2 25. Kxe2 Bf5 0-1

[Event "25th North American Open"]
[Site "Las Vegas"]
[Date "2015.12.28"]
[Round "5"]
[White "Williams, Justus"]
[Black "Wong, Jianwen"]
[Result "1-0"]
[WhiteElo "2310"]
[BlackElo "2159"]
[PlyCount "93"]
[EventDate "2015.12.??"]
[EventType "swiss"]
[EventRounds "9"]
[EventCountry "USA"]
[Source "MonRoi"]

1. Nf3 g6 2. c4 Bg7 3. g3 d6 4. Bg2 Nf6 5. O-O O-O 6. Nc3 c6 7. d4 Nbd7 8. e4
e5 9. h3 Re8 10. Be3 exd4 11. Nxd4 Nc5 12. Qc2 Qe7 13. Rfe1 a5 14. Rad1 Bd7 15.
Bf4 Rad8 16. Nb3 Bc8 17. Nxa5 Nh5 18. Bc1 Qc7 19. Nb3 Be6 20. Bg5 Rd7 21. g4
Nxb3 22. axb3 h6 23. Be3 Nf6 24. Bf4 g5 25. Bg3 Qb6 26. Bxd6 Rxd6 27. Rxd6 Nd7
28. e5 Bxe5 29. Rdd1 Qc7 30. Ne4 Nf8 31. Nc5 Ng6 32. Nd3 Bd4 33. Re4 Ba7 34.
Ne1 Nf4 35. Nf3 Rf8 36. Rde1 Rd8 37. Rd1 Rf8 38. Nd4 Bb8 39. Rxf4 Qxf4 40. Nxe6
fxe6 41. Rd7 Rf7 42. Qg6+ Kf8 43. Qxh6+ Kg8 44. Rd8+ Rf8 45. Rxf8+ Qxf8 46.
Qxg5+ Kh8 47. Be4 1-0

[Event "25th North American Open"]
[Site "Las Vegas"]
[Date "2015.12.28"]
[Round "5"]
[White "Niemann, Hans"]
[Black "Steger, Eric"]
[Result "1-0"]
[WhiteElo "2154"]
[BlackElo "1897"]
[PlyCount "61"]
[EventDate "2015.12.??"]
[EventType "swiss"]
[EventRounds "9"]
[EventCountry "USA"]
[Source "MonRoi"]

1. d4 Nf6 2. c4 g6 3. f3 Bg7 4. e4 d6 5. Ne2 O-O 6. Be3 c5 7. d5 e6 8. Nec3 a6
9. a4 exd5 10. cxd5 Re8 11. Be2 Nbd7 12. O-O b6 13. Nd2 Rb8 14. Ra3 Ne5 15. h3
h6 16. f4 Ned7 17. Rb3 Nf8 18. Qc2 N6h7 19. Nc4 f5 20. e5 dxe5 21. fxe5 g5 22.
Bxc5 Nd7 23. Bd6 Rb7 24. Bh5 Nxe5 25. Bxe5 Rxe5 26. Nxe5 Bxe5 27. Bg6 Bd4+ 28.
Kh1 f4 29. Ne2 Be3 30. Rc3 Bc5 31. b4 1-0

[Event "25th North American Open"]
[Site "Las Vegas"]
[Date "2015.12.28"]
[Round "5"]
[White "Kumar, Aravind"]
[Black "Inapuri, Ramya"]
[Result "1-0"]
[WhiteElo "2295"]
[BlackElo "2131"]
[PlyCount "123"]
[EventDate "2015.12.??"]
[EventType "swiss"]
[EventRounds "9"]
[EventCountry "USA"]
[Source "MonRoi"]

1. d4 d5 2. c4 e6 3. Nc3 Be7 4. cxd5 exd5 5. Bf4 Nf6 6. e3 c6 7. Bd3 O-O 8. Qc2
c5 9. dxc5 Nc6 10. Nge2 d4 11. exd4 Nxd4 12. Nxd4 Qxd4 13. Be3 Qe5 14. Ne2 b6
15. Bd4 Qh5 16. c6 Bb4+ 17. Bc3 Nd5 18. O-O Bxc3 19. bxc3 Bg4 20. Nd4 Nf4 21.
f3 Be6 22. Bf5 Bxf5 23. Qxf5 Qh6 24. Rfe1 Qd6 25. Rad1 Ng6 26. Qb5 Qc5 27. Qxc5
bxc5 28. Nf5 Rfc8 29. Rd7 Rxc6 30. Ne7+ Nxe7 31. Rexe7 Rf8 32. Rxa7 Rb6 33.
Rec7 Rb2 34. Rxc5 Rd8 35. Rd5 Re8 36. Re5 Rd8 37. Rd5 Re8 38. h4 g6 39. Ra4
Ree2 40. Rg5 Rxa2 41. Rxa2 Rxa2 42. Rb5 Rc2 43. Rc5 Kg7 44. Rc6 Kh6 45. Kh2 Rc1
46. g4 Kg7 47. g5 h5 48. Rc8 Rc2+ 49. Kg3 Rc1 50. c4 Rg1+ 51. Kh2 Rc1 52. c5
Rc2+ 53. Kg3 Rc4 54. c6 Rc3 55. Kf4 Rc4+ 56. Ke5 Rxh4 57. c7 Rc4 58. Kd6 h4 59.
Ra8 Rd4+ 60. Ke5 Rc4 61. c8=Q Rxc8 62. Rxc8 1-0

[Event "25th North American Open"]
[Site "Las Vegas"]
[Date "2015.12.28"]
[Round "6"]
[White "Yang, Darwin"]
[Black "Dreev, Alexey"]
[Result "0-1"]
[WhiteElo "2473"]
[BlackElo "2644"]
[PlyCount "38"]
[EventDate "2015.12.??"]
[EventType "swiss"]
[EventRounds "9"]
[EventCountry "USA"]
[Source "MonRoi"]

1. d4 d5 2. c4 c6 3. Nf3 Nf6 4. e3 Bg4 5. h3 Bh5 6. cxd5 cxd5 7. Nc3 e6 8. Qb3
Qc7 9. Ne5 Nfd7 10. Nxd7 Qxd7 11. Bd2 Nc6 12. Rc1 Bd6 13. Na4 O-O 14. Nc5 Bxc5
15. Rxc5 Qe7 16. Rxc6 bxc6 17. Bb4 c5 18. Bxc5 Qc7 19. Ba6 Qa5+ 0-1

[Event "25th North American Open"]
[Site "Las Vegas"]
[Date "2015.12.28"]
[Round "6"]
[White "Mikhalevski, Victor"]
[Black "Li, Ruifeng"]
[Result "1/2-1/2"]
[WhiteElo "2535"]
[BlackElo "2460"]
[PlyCount "72"]
[EventDate "2015.12.??"]
[EventType "swiss"]
[EventRounds "9"]
[EventCountry "USA"]
[Source "MonRoi"]

1. c4 c5 2. g3 Nc6 3. Bg2 g6 4. Nc3 Bg7 5. Nf3 d6 6. O-O Nf6 7. d4 cxd4 8. Nxd4
Bd7 9. b3 O-O 10. Bb2 Rc8 11. e3 Qa5 12. Rc1 a6 13. a3 Rfe8 14. h3 Qb6 15. Ba1
Qa5 16. Bb2 Qb6 17. g4 h6 18. Rb1 Qc7 19. Rc1 Qb6 20. Rb1 Qc7 21. Nde2 Na5 22.
Nf4 e6 23. a4 Bc6 24. Ba1 Bxg2 25. Kxg2 Rcd8 26. Re1 Nc6 27. Ncd5 Nxd5 28. cxd5
Bxa1 29. Rxa1 e5 30. Ne2 Ne7 31. Ng3 Qa5 32. e4 Rc8 33. Rc1 Rxc1 34. Qxc1 Rc8
35. Qb1 Qc3 36. Re3 Qb4 1/2-1/2

[Event "25th North American Open"]
[Site "Las Vegas"]
[Date "2015.12.28"]
[Round "6"]
[White "Tang, Andrew"]
[Black "Barbosa, Oliver"]
[Result "0-1"]
[WhiteElo "2416"]
[BlackElo "2518"]
[PlyCount "164"]
[EventDate "2015.12.??"]
[EventType "swiss"]
[EventRounds "9"]
[EventCountry "USA"]
[Source "MonRoi"]

1. d4 d5 2. c4 c6 3. Nf3 Nf6 4. e3 Bf5 5. Nc3 e6 6. Nh4 Be4 7. f3 Bg6 8. Qb3
Qb6 9. Nxg6 hxg6 10. Bd2 Nbd7 11. Qc2 Be7 12. g3 Qc7 13. Rc1 Rd8 14. cxd5 exd5
15. Kf2 g5 16. Kg2 Nf8 17. e4 dxe4 18. fxe4 Qd7 19. Be3 Ne6 20. Rd1 Nf4+ 21.
Kg1 Ng4 22. Bf2 Nh3+ 23. Bxh3 Rxh3 24. Kg2 Qe6 25. Qe2 Nxf2 26. Qxf2 Rh6 27. h3
a5 28. a3 Qc4 29. Rd2 Bxa3 30. Rc2 Be7 31. Rd1 Qe6 32. g4 Rf6 33. Qe2 Bb4 34.
e5 Rf4 35. d5 cxd5 36. Nb5 Kf8 37. Nc7 Qg6 38. Rxd5 Rd4 39. Rxd4 Rxd4 40. e6
Qe4+ 41. Qxe4 Rxe4 42. exf7 Bd6 43. Nd5 Kxf7 44. Kf3 Rd4 45. Ne3 Bf4 46. Ng2
Bd6 47. Ne3 Rf4+ 48. Ke2 Rb4 49. Nc4 Bc7 50. Nd2 Bf4 51. Nc4 a4 52. Kd3 Ke6 53.
Kc3 Rb3+ 54. Kd4 b5 55. Re2+ Kf6 56. Nb6 Bc1 57. Nd7+ Kg6 58. Ne5+ Kh7 59. Nd3
Bf4 60. h4 Bc7 61. hxg5 Bb6+ 62. Ke4 Kg6 63. Rc2 Kxg5 64. Rc6 Bd8 65. Rc2 Bf6
66. Rg2 a3 67. bxa3 Rxa3 68. Nc5 Ba1 69. Ne6+ Kf6 70. Nc7 b4 71. Rf2+ Kg6 72.
Nd5 b3 73. Rf5 Ra4+ 74. Kf3 Kh7 75. Ne7 g6 76. Rb5 b2 77. Rb7 Ra7 78. Rxa7 b1=Q
79. Nf5+ Kg8 80. Ne7+ Kf8 81. Nd5 Qh1+ 82. Kf4 Qxd5 0-1

[Event "25th North American Open"]
[Site "Las Vegas"]
[Date "2015.12.28"]
[Round "6"]
[White "Zhou, Jianchao"]
[Black "Colas, Joshua"]
[Result "1/2-1/2"]
[WhiteElo "2606"]
[BlackElo "2245"]
[PlyCount "52"]
[EventDate "2015.12.??"]
[EventType "swiss"]
[EventRounds "9"]
[EventCountry "USA"]
[Source "MonRoi"]

1. c4 Nf6 2. Nc3 e6 3. Nf3 d5 4. d4 Be7 5. Bf4 O-O 6. a3 c6 7. e3 Nbd7 8. Rc1
Nh5 9. Bg3 g6 10. Be2 b6 11. cxd5 exd5 12. b4 Bb7 13. Qb3 Nxg3 14. hxg3 Nf6 15.
Ne5 Re8 16. g4 Nd7 17. Nxd7 Qxd7 18. Bf3 b5 19. Ne2 Bd6 20. Kf1 a5 21. Nf4 axb4
22. axb4 Ra7 23. g3 Rea8 24. Kg2 Qe7 25. Rh2 Ra2 26. Ne2 Ra1 1/2-1/2

[Event "25th North American Open"]
[Site "Las Vegas"]
[Date "2015.12.28"]
[Round "6"]
[White "Wang, Chen"]
[Black "Aldama, Dionisio"]
[Result "1-0"]
[WhiteElo "2530"]
[BlackElo "2388"]
[PlyCount "103"]
[EventDate "2015.12.??"]
[EventType "swiss"]
[EventRounds "9"]
[EventCountry "USA"]
[Source "MonRoi"]

1. e4 e5 2. Nf3 Nc6 3. Bb5 a6 4. Ba4 Nf6 5. O-O b5 6. Bb3 Bb7 7. Re1 Bc5 8. c3
d6 9. d4 Bb6 10. h3 Qe7 11. Be3 O-O 12. Nbd2 Nb8 13. Bc2 Nbd7 14. Bg5 h6 15.
Be3 Rfe8 16. Nh4 g6 17. Nhf3 Kg7 18. Rc1 c5 19. Bb1 Rad8 20. d5 Nh5 21. c4 b4
22. Nh2 Rh8 23. Bd3 Rdf8 24. Be2 Nhf6 25. Qc2 Nh7 26. Ndf1 Bd8 27. Ra1 Qe8 28.
a3 a5 29. axb4 cxb4 30. c5 Nxc5 31. Bxc5 dxc5 32. Qxc5 Qd7 33. Rec1 Bg5 34. Ne3
Nf6 35. Bb5 Qd8 36. Bd3 Nh5 37. Nf3 Nf4 38. Bf1 Qf6 39. Nh2 h5 40. Qa7 Bh4 41.
g3 Rb8 42. Rc7 Bxg3 43. fxg3 Qg5 44. Kf2 h4 45. g4 Qf6 46. Nf3 Bxd5 47. Nxd5
Nxd5 48. exd5 Qf4 49. Rac1 Rhf8 50. Qe3 Qg3+ 51. Ke2 a4 52. Ng5 1-0

[Event "25th North American Open"]
[Site "Las Vegas"]
[Date "2015.12.28"]
[Round "6"]
[White "Sheng, Joshua"]
[Black "Velikanov, Alexander"]
[Result "0-1"]
[WhiteElo "2423"]
[BlackElo "2324"]
[PlyCount "100"]
[EventDate "2015.12.??"]
[EventType "swiss"]
[EventRounds "9"]
[EventCountry "USA"]
[Source "MonRoi"]

1. e4 c5 2. Nf3 e6 3. d4 cxd4 4. Nxd4 Nc6 5. Nc3 Qc7 6. Be3 a6 7. Qf3 Ne5 8.
Qg3 h5 9. Bf4 d6 10. Bg5 b5 11. f4 Nc4 12. O-O-O Bb7 13. Qh3 Rc8 14. Bxc4 Qxc4
15. a3 Nf6 16. Rhe1 Be7 17. Kb1 b4 18. axb4 Qxb4 19. e5 dxe5 20. fxe5 Rxc3 21.
Qxc3 Qxc3 22. bxc3 Ne4 23. Bd2 Nf2 24. Rc1 Ba3 25. Nb3 h4 26. Re2 Bxc1 27. Kxc1
Ne4 28. Be1 Rh5 29. Na5 Ba8 30. Nc4 Ke7 31. Kb2 h3 32. g4 Rh8 33. Ka3 Ng5 34.
Bd2 Nf3 35. Bf4 Rd8 36. Nd6 f6 37. exf6+ gxf6 38. Nf5+ Kf7 39. Nd6+ Ke7 40.
Nf5+ Kd7 41. Ne3 e5 42. Bg3 Ke6 43. Kb4 Rb8+ 44. Ka5 Rb1 45. Kxa6 Rg1 46. Nf5
Rg2 47. Re3 Nxh2 48. Nh4 Rxc2 49. Bxe5 Nxg4 50. Rxh3 Nxe5 0-1

[Event "25th North American Open"]
[Site "Las Vegas"]
[Date "2015.12.28"]
[Round "6"]
[White "Kiewra, Keaton"]
[Black "Vibbert, Sean"]
[Result "1/2-1/2"]
[WhiteElo "2444"]
[BlackElo "2313"]
[PlyCount "76"]
[EventDate "2015.12.??"]
[EventType "swiss"]
[EventRounds "9"]
[EventCountry "USA"]
[Source "MonRoi"]

1. d4 d5 2. Bf4 Nf6 3. e3 Bf5 4. Bd3 Bxd3 5. Qxd3 c6 6. Nf3 e6 7. O-O Be7 8. c4
O-O 9. Nc3 Nbd7 10. c5 Nh5 11. h3 a5 12. a3 b5 13. Ne5 Nxe5 14. Bxe5 Nf6 15. b4
Nd7 16. Bg3 f5 17. Ne2 a4 18. f3 Bg5 19. Bd6 Re8 20. Rae1 Nb6 21. Bf4 Nc4 22.
Kh2 Bxf4+ 23. exf4 Qc7 24. h4 Kf7 25. g3 Ke7 26. Ng1 Kd7 27. Nh3 Re7 28. Kg2 g6
29. Re2 Qd8 30. Kf2 Qg8 31. Ke1 Qg7 32. Kd1 Rae8 33. Rfe1 h6 34. Kc1 Qf6 35.
Kb1 Rg7 36. Ka2 Reg8 37. Rh1 Re8 38. Reh2 Rge7 1/2-1/2

[Event "25th North American Open"]
[Site "Las Vegas"]
[Date "2015.12.28"]
[Round "6"]
[White "Tarjan, James"]
[Black "Kavutskiy, Konstantin"]
[Result "0-1"]
[WhiteElo "2478"]
[BlackElo "2360"]
[PlyCount "74"]
[EventDate "2015.12.??"]
[EventType "swiss"]
[EventRounds "9"]
[EventCountry "USA"]
[Source "MonRoi"]

1. c4 Nf6 2. Nf3 g6 3. g3 Bg7 4. Bg2 O-O 5. O-O d6 6. d4 Nc6 7. Nc3 a6 8. Re1
h6 9. e4 Bg4 10. Be3 Nd7 11. Ne2 e5 12. d5 Ne7 13. Nh4 Nf6 14. f4 Qc8 15. Qc2
exf4 16. gxf4 Bh3 17. f5 Bxg2 18. Kxg2 Ng4 19. Bd4 Bf6 20. h3 Ne5 21. Bxe5 dxe5
22. Nf3 gxf5 23. Ng3 f4 24. Nf5 Kh7 25. Kh2 Rg8 26. Rg1 Qd7 27. Rxg8 Rxg8 28.
Rg1 Rxg1 29. Kxg1 Nxf5 30. exf5 b5 31. b3 c6 32. Qe4 cxd5 33. cxd5 Qc7 34. Qd3
Qc1+ 35. Kg2 Qb2+ 36. Qd2 e4 37. Qxb2 exf3+ 0-1